LEADER 00909nam0-2200337---450- 001 990009420790403321 005 20111020104354.0 035 $a000942079 035 $aFED01000942079 035 $a(Aleph)000942079FED01 035 $a000942079 100 $a20110912d1954----km-y0itay50------ba 101 0 $aeng 102 $aGB 105 $a--------001yy 200 1 $aHistochemistry$etheoretical and applied$fby A. G. Everson Pearse 210 $aLondon$cChurchill$d1954 215 $aVIII, 530 p.$cill.$d24 cm 610 0 $aLaboratorio$aTecniche 610 0 $aIstologia 676 $a574.821 700 1$aPearse,$bAnthony Guy Everson$0100950 801 0$aIT$bUNINA$gRICA$2UNIMARC 901 $aBK 912 $a990009420790403321 952 $aIIId C 47$b2082$fDMVSF 952 $a56 B 19$b5082$fDMVAP 959 $aDMVSF 959 $aDMVAP 996 $aHistochemistry$9403285 997 $aUNINA LEADER 03892nam 2200625 450 001 9910480269103321 005 20180711051722.0 010 $a90-04-27669-6 024 7 $a10.1163/9789004276697 035 $a(CKB)4100000001593324 035 $a(MiAaPQ)EBC5265020 035 $a 2017043281 035 $a(nllekb)BRILL9789004276697 035 $a(EXLCZ)994100000001593324 100 $a20180302h20182018 uy 0 101 0 $aeng 135 $aurcnu|||||||| 181 $2rdacontent 181 $csti$2rdacontent 182 $2rdamedia 183 $2rdacarrier 200 00$aChallenging the myth of monolingual corpora /$fedited by Arja Nurmi, Tanja Rutten, Paivi Pahta 210 1$aLeiden, The Netherland ;$aBoston, Massachusetts :$cBrill Rodopi,$d2018. 210 4$d©2018 215 $a1 online resource (248 pages) $cillustrations, tables 225 1 $aLanguage and Computers : Studies in digital linguistics,$x0921-5034 ;$vVolume 80 311 $a90-04-27668-8 320 $aIncludes bibliographical references at the end of each chapters. 327 $tPreliminary Material -- $tHow Many Languages are there in a Monolingual Corpus? /$rArja Nurmi and Tanja Rütten -- $tIndian English or Indian Englishes? Accounting for Speakers? Multilingual Repertoires in Corpora of Postcolonial Englishes /$rClaudia Lange -- $tMono- and Multilingualism in a Specialized Corpus of New Zealand Stories /$rAlexander Onysko and Marta Degani -- $tWhat Happens to Ongoing Change in Multilingual Settings? A Corpus Compiler?s Perspective on New Data and New Research Prospects /$rMikko Laitinen -- $tMultilingual Speakers, Multilingual Texts: Multilingual Practices in Learner Corpora /$rMarcus Callies and Leonie Wiemeyer -- $tMultilingualism in English as a Lingua Franca: Flagging as an Indicator of Perceived Acceptability and Intelligibility /$rNiina Hynninen , Kaisa S. Pietikäinen and Svetlana Vetchinnikova -- $tEnglish Commonplace Books as Multilingual Receiver Corpora /$rThomas Kohnen -- $tMultilingual Practices in the Corpus of English Religious Prose: Annotation and Access /$rTanja Rütten -- $tSemi-automatic Discovery of Multilingual Elements in English Historical Corpora: Methods and Challenges /$rJukka Tyrkkö , Arja Nurmi and Jukka Tuominen -- $t?Multilinguality? in Learner Corpora: The Case of the mile /$rRolf Kreyer -- $tMultilingualism and Quotations from a Corpus-Linguistic Perspective: A Case Study of Samuel Taylor Coleridge?s Biographia Literaria /$rMark Kaunisto. 330 $aChallenging the Myth of Monolingual Corpora brings new insights into the monolingual ideal that has permeated most branches of linguistics, also corpus linguistics, for a long time. The volume brings together scholars in the many fields of English corpus linguistics from World Englishes, learner corpora and English as a Lingua Franca to the history of English. The approaches include perspectives of corpus compilation, annotation and use. 410 0$aLanguage and computers ;$vVolume 80. 606 $aPragmatics 606 $aCorpora (Linguistics) 606 $aIndo-European languages$xDiscourse analysis 606 $aApplied linguistics 606 $aLinguistic analysis (Linguistics) 606 $aComputational linguistics 608 $aElectronic books. 615 0$aPragmatics. 615 0$aCorpora (Linguistics) 615 0$aIndo-European languages$xDiscourse analysis. 615 0$aApplied linguistics. 615 0$aLinguistic analysis (Linguistics) 615 0$aComputational linguistics. 676 $a410.188 702 $aPahta$b Pa?ivi 702 $aRu?tten$b Tanja 702 $aNurmi$b Arja 801 0$bMiAaPQ 801 1$bMiAaPQ 801 2$bMiAaPQ 906 $aBOOK 912 $a9910480269103321 996 $aChallenging the myth of monolingual corpora$92092962 997 $aUNINA LEADER 03280oam 2200565z- 450 001 9911006506403321 005 20180501094626.0 035 $a(CKB)2550000001015829 035 $a(EXLCZ)992550000001015829 100 $a20210505c2011uuuu -u- - 101 0 $aeng 200 00$aAASHTO guide specifications for LRFD seismic bridge design 210 $cAmerican Association of State Highway and Transportation Officials (AASHTO) 311 08$a1-56051-521-X 327 $asection 1. Introduction -- section 2. Definitions and notation -- section 3. General requirements -- section 4. Analysis and design requirements -- section 5. Analytical models and procedures -- section 6. Foundation and abutment design -- section 7. Structural steel components -- section 8. Reinforced concrete components -- References -- Appendix A: Foundation-rocking analysis -- Appendix B: Design flowcharts. 330 $aCovers seismic design for typical bridge types and applies to non-critical and non-essential bridges. Approved as an alternate to the seismic provisions in the AASHTO LRFD Bridge Design Specifications. Differs from the current procedures in the LRFD Specifications in the use of displacement-based design procedures, instead of the traditional force-based R-Factor method. Includes detailed guidance and commentary on earthquake-resisting elements and systems, global design strategies, demand modeling, capacity calculation, and liquefaction effects. Capacity design procedures underpin the Guide Specifications' methodology; includes prescriptive detailing for plastic hinging regions and design requirements for capacity protection of those elements that should not experience damage.--$cSource other than Library of Congress. 517 $aAASHTO Guide Specifications for LRFD Seismic Bridge Design 606 $aBridges$xDesign and construction$xSpecifications$zUnited States 606 $aBridges$xEarthquake effects 606 $aEarthquake resistant design 606 $aStructural analysis (Engineering)$vHandbooks, manuals, etc 606 $aEarthquake hazard analysis 606 $aStrains and stresses 606 $aElastic analysis (Engineering) 606 $aLoad factor design 606 $aSoil-structure interaction 606 $aSoil mechanics 606 $aShear strength of soils 606 $aShear flow 606 $aSeismic waves$xDamping 606 $aEnergy dissipation 615 0$aBridges$xDesign and construction$xSpecifications 615 0$aBridges$xEarthquake effects. 615 0$aEarthquake resistant design. 615 0$aStructural analysis (Engineering) 615 0$aEarthquake hazard analysis. 615 0$aStrains and stresses. 615 0$aElastic analysis (Engineering) 615 0$aLoad factor design. 615 0$aSoil-structure interaction. 615 0$aSoil mechanics. 615 0$aShear strength of soils. 615 0$aShear flow. 615 0$aSeismic waves$xDamping. 615 0$aEnergy dissipation. 712 02$aAmerican Association of State Highway and Transportation Officials.$bSubcommittee on Bridges and Structures, 906 $aBOOK 912 $a9911006506403321 996 $aAASHTO Guide Specifications for LRFD Seismic Bridge Design$94388777 997 $aUNINA